<?xml version="1.0" encoding="UTF-8"?>
<record
    xmlns:xsi="http://www.w3.org/2001/XMLSchema-instance"
    xsi:schemaLocation="http://www.loc.gov/MARC21/slim http://www.loc.gov/standards/marcxml/schema/MARC21slim.xsd"
    xmlns="http://www.loc.gov/MARC21/slim">

  <leader>07809nas1a22012731i 4500</leader>
  <controlfield tag="001">RU\NLR\INFOCOMM7\1000008774</controlfield>
  <controlfield tag="005">20260408083619.0</controlfield>
  <datafield tag="011" ind1=" " ind2=" ">
    <subfield code="a">0130-6073</subfield>
  </datafield>
  <datafield tag="035" ind1=" " ind2=" ">
    <subfield code="a">(NLR Aleph) 002451054</subfield>
  </datafield>
  <datafield tag="090" ind1=" " ind2=" ">
    <subfield code="a">2163756</subfield>
    <subfield code="c">2163756</subfield>
  </datafield>
  <datafield tag="100" ind1=" " ind2=" ">
    <subfield code="a">20040324a19489999|||y0rusy50      ca</subfield>
  </datafield>
  <datafield tag="101" ind1="0" ind2=" ">
    <subfield code="a">rus</subfield>
  </datafield>
  <datafield tag="102" ind1=" " ind2=" ">
    <subfield code="a">RU</subfield>
  </datafield>
  <datafield tag="110" ind1=" " ind2=" ">
    <subfield code="a">azu||||0|y0</subfield>
  </datafield>
  <datafield tag="200" ind1="1" ind2=" ">
    <subfield code="a">&#x418;&#x43D;&#x43E;&#x441;&#x442;&#x440;&#x430;&#x43D;&#x43D;&#x44B;&#x435; &#x44F;&#x437;&#x44B;&#x43A;&#x438; &#x432; &#x448;&#x43A;&#x43E;&#x43B;&#x435;</subfield>
    <subfield code="f">&#x420;&#x435;&#x434;. &#x43A;&#x43E;&#x43B;&#x43B;&#x435;&#x433;&#x438;&#x44F;. &#x420;&#x435;&#x434;. &#x41D;.&#x421;.&#x427;&#x435;&#x43C;&#x43E;&#x434;&#x430;&#x43D;&#x43E;&#x432;</subfield>
    <subfield code="g">&#x41C;-&#x432;&#x43E; &#x43F;&#x440;&#x43E;&#x441;. &#x420;&#x421;&#x424;&#x421;&#x420;</subfield>
  </datafield>
  <datafield tag="210" ind1=" " ind2=" ">
    <subfield code="a">&#x41C;.</subfield>
    <subfield code="c">&#x413;&#x43E;&#x441;. &#x443;&#x447;&#x435;&#x431;.-&#x43F;&#x435;&#x434;. &#x438;&#x437;&#x434;-&#x432;&#x43E; &#x41C;-&#x432;&#x430; &#x43F;&#x440;&#x43E;&#x441;. &#x420;&#x421;&#x424;&#x421;&#x420;</subfield>
    <subfield code="d">1948-</subfield>
  </datafield>
  <datafield tag="300" ind1=" " ind2=" ">
    <subfield code="a">&#x421; &#x438;&#x44E;&#x43B;&#x44F; 1941 &#x433;. &#x43F;&#x43E; 1947 &#x433;. &#x436;&#x443;&#x440;&#x43D;. &#x43D;&#x435; &#x438;&#x437;&#x434;&#x430;&#x432;&#x430;&#x43B;&#x441;&#x44F;</subfield>
  </datafield>
  <datafield tag="320" ind1=" " ind2=" ">
    <subfield code="a">&#x41A;&#x43B;&#x430;&#x441;&#x441;&#x438;&#x444;&#x438;&#x446;&#x438;&#x440;&#x43E;&#x432;&#x430;&#x43D;&#x43D;&#x44B;&#x439; &#x443;&#x43A;&#x430;&#x437;&#x430;&#x442;&#x435;&#x43B;&#x44C; &#x441;&#x442;&#x430;&#x442;&#x435;&#x439; &#x436;&#x443;&#x440;&#x43D;&#x430;&#x43B;&#x430; ... &#x437;&#x430; 1934-1940 &#x433;. / &#x413;&#x440;&#x443;&#x437;&#x438;&#x43D;&#x441;&#x43A;&#x430;&#x44F; &#x418;. (1941, &#x2116; 1. - &#x441;. 74-83)</subfield>
  </datafield>
  <datafield tag="421" ind1=" " ind2="0">
    <subfield code="1">001RU\NLR\INFOCOMM15\5000340061</subfield>
    <subfield code="1">2001#$a&#x41C;&#x435;&#x442;&#x43E;&#x434;&#x438;&#x447;&#x435;&#x441;&#x43A;&#x430;&#x44F; &#x43C;&#x43E;&#x437;&#x430;&#x438;&#x43A;&#x430;</subfield>
    <subfield code="1">852##$aNLR$j&#x41F;28/2015</subfield>
    <subfield code="9">4157366</subfield>
    <subfield code="c">&#x41C;.</subfield>
    <subfield code="d">2003 -</subfield>
    <subfield code="n">&#x411;.&#x438;.</subfield>
    <subfield code="o">&#x41F;&#x440;&#x438;&#x43B;. &#x43A; &#x436;&#x443;&#x440;&#x43D;. "&#x418;&#x43D;&#x43E;&#x441;&#x442;&#x440;&#x430;&#x43D;&#x43D;&#x44B;&#x435; &#x44F;&#x437;&#x44B;&#x43A;&#x438; &#x432; &#x448;&#x43A;&#x43E;&#x43B;&#x435;"</subfield>
    <subfield code="t">&#x41C;&#x435;&#x442;&#x43E;&#x434;&#x438;&#x447;&#x435;&#x441;&#x43A;&#x430;&#x44F; &#x43C;&#x43E;&#x437;&#x430;&#x438;&#x43A;&#x430;</subfield>
  </datafield>
  <datafield tag="430" ind1=" " ind2="0">
    <subfield code="1">001rc\2934477</subfield>
    <subfield code="1">2001#$a&#x418;&#x43D;&#x43E;&#x441;&#x442;&#x440;&#x430;&#x43D;&#x43D;&#x44B;&#x439; &#x44F;&#x437;&#x44B;&#x43A; &#x432; &#x441;&#x440;&#x435;&#x434;&#x43D;&#x435;&#x439; &#x448;&#x43A;&#x43E;&#x43B;&#x435;</subfield>
    <subfield code="9">6502803</subfield>
    <subfield code="c">&#x41C;&#x43E;&#x441;&#x43A;&#x432;&#x430;</subfield>
    <subfield code="d">1934-1935</subfield>
    <subfield code="f">&#x423;&#x43F;&#x440;. &#x43D;&#x430;&#x447;. &#x438; &#x441;&#x440;&#x435;&#x434;&#x43D;&#x435;&#x439; &#x448;&#x43A;&#x43E;&#x43B;&#x44B; &#x41D;&#x430;&#x440;&#x43A;&#x43E;&#x43C;&#x43F;&#x440;&#x43E;&#x441;&#x430; &#x420;&#x421;&#x424;&#x421;&#x420;</subfield>
    <subfield code="n">&#x41E;&#x433;&#x438;&#x437;. &#x413;&#x43E;&#x441;. &#x443;&#x447;&#x435;&#x431;.-&#x43F;&#x435;&#x434;&#x430;&#x433;&#x43E;&#x433;&#x438;&#x447;&#x435;&#x441;&#x43A;&#x43E;&#x435; &#x438;&#x437;&#x434;-&#x432;&#x43E;</subfield>
    <subfield code="o">&#x41C;&#x435;&#x442;&#x43E;&#x434;. &#x441;&#x431;&#x43E;&#x440;&#x43D;&#x438;&#x43A;</subfield>
    <subfield code="t">&#x418;&#x43D;&#x43E;&#x441;&#x442;&#x440;&#x430;&#x43D;&#x43D;&#x44B;&#x439; &#x44F;&#x437;&#x44B;&#x43A; &#x432; &#x441;&#x440;&#x435;&#x434;&#x43D;&#x435;&#x439; &#x448;&#x43A;&#x43E;&#x43B;&#x435;</subfield>
  </datafield>
  <datafield tag="430" ind1=" " ind2="0">
    <subfield code="1">001rc\2934478</subfield>
    <subfield code="1">2001#$a&#x418;&#x43D;&#x43E;&#x441;&#x442;&#x440;&#x430;&#x43D;&#x43D;&#x44B;&#x439; &#x44F;&#x437;&#x44B;&#x43A; &#x432; &#x448;&#x43A;&#x43E;&#x43B;&#x435;</subfield>
    <subfield code="9">6502812</subfield>
    <subfield code="c">&#x41C;&#x43E;&#x441;&#x43A;&#x432;&#x430;</subfield>
    <subfield code="d">1936-1941</subfield>
    <subfield code="n">&#x413;&#x43E;&#x441;. &#x443;&#x447;&#x435;&#x431;.-&#x43F;&#x435;&#x434;. &#x438;&#x437;&#x434;-&#x432;&#x43E;</subfield>
    <subfield code="o">&#x41C;&#x435;&#x442;&#x43E;&#x434;. &#x436;&#x443;&#x440;&#x43D;.</subfield>
    <subfield code="t">&#x418;&#x43D;&#x43E;&#x441;&#x442;&#x440;&#x430;&#x43D;&#x43D;&#x44B;&#x439; &#x44F;&#x437;&#x44B;&#x43A; &#x432; &#x448;&#x43A;&#x43E;&#x43B;&#x435;</subfield>
  </datafield>
  <datafield tag="531" ind1=" " ind2=" ">
    <subfield code="a">&#x418;&#x42F;</subfield>
    <subfield code="z">rus</subfield>
  </datafield>
  <datafield tag="702" ind1=" " ind2="1">
    <subfield code="4">070</subfield>
    <subfield code="7">ca</subfield>
    <subfield code="8">rus</subfield>
    <subfield code="a">&#x427;&#x435;&#x43C;&#x43E;&#x434;&#x430;&#x43D;&#x43E;&#x432;</subfield>
    <subfield code="b">&#x41D;. &#x421;.</subfield>
    <subfield code="f">1903-1986</subfield>
    <subfield code="g">&#x41D;&#x438;&#x43A;&#x43E;&#x43B;&#x430;&#x439; &#x421;&#x435;&#x440;&#x433;&#x435;&#x435;&#x432;&#x438;&#x447;</subfield>
    <subfield code="9">253360</subfield>
    <subfield code="3">RU\NLR\AUTH\770253416</subfield>
  </datafield>
  <datafield tag="712" ind1="0" ind2="1">
    <subfield code="4">570</subfield>
    <subfield code="a">&#x420;&#x421;&#x424;&#x421;&#x420;</subfield>
    <subfield code="b">&#x41C;&#x438;&#x43D;&#x438;&#x441;&#x442;&#x435;&#x440;&#x441;&#x442;&#x432;&#x43E; &#x43D;&#x430;&#x440;&#x43E;&#x434;&#x43D;&#x43E;&#x433;&#x43E; &#x43E;&#x431;&#x440;&#x430;&#x437;&#x43E;&#x432;&#x430;&#x43D;&#x438;&#x44F;</subfield>
    <subfield code="3">RU\NLR\AUTH\8810143000</subfield>
    <subfield code="9">780608</subfield>
  </datafield>
  <datafield tag="712" ind1="0" ind2="1">
    <subfield code="4">570</subfield>
    <subfield code="a">&#x420;&#x421;&#x424;&#x421;&#x420;</subfield>
    <subfield code="b">&#x413;&#x43B;&#x430;&#x432;&#x43D;&#x43E;&#x435; &#x443;&#x43F;&#x440;&#x430;&#x432;&#x43B;&#x435;&#x43D;&#x438;&#x435; &#x448;&#x43A;&#x43E;&#x43B;</subfield>
    <subfield code="3">RU\NLR\AUTH\8810169474</subfield>
    <subfield code="9">834769</subfield>
  </datafield>
  <datafield tag="712" ind1="0" ind2="1">
    <subfield code="4">570</subfield>
    <subfield code="a">&#x420;&#x43E;&#x441;&#x441;&#x438;&#x439;&#x441;&#x43A;&#x430;&#x44F; &#x424;&#x435;&#x434;&#x435;&#x440;&#x430;&#x446;&#x438;&#x44F;</subfield>
    <subfield code="b">&#x41C;&#x438;&#x43D;&#x438;&#x441;&#x442;&#x435;&#x440;&#x441;&#x442;&#x432;&#x43E; &#x43E;&#x431;&#x440;&#x430;&#x437;&#x43E;&#x432;&#x430;&#x43D;&#x438;&#x44F;</subfield>
    <subfield code="3">RU\NLR\AUTH\884572</subfield>
    <subfield code="9">280683</subfield>
  </datafield>
  <datafield tag="712" ind1="0" ind2="1">
    <subfield code="4">570</subfield>
    <subfield code="a">&#x420;&#x43E;&#x441;&#x441;&#x438;&#x439;&#x441;&#x43A;&#x430;&#x44F; &#x424;&#x435;&#x434;&#x435;&#x440;&#x430;&#x446;&#x438;&#x44F;</subfield>
    <subfield code="b">&#x41C;&#x438;&#x43D;&#x438;&#x441;&#x442;&#x435;&#x440;&#x441;&#x442;&#x432;&#x43E; &#x43E;&#x431;&#x449;&#x435;&#x433;&#x43E; &#x438; &#x43F;&#x440;&#x43E;&#x444;&#x435;&#x441;&#x441;&#x438;&#x43E;&#x43D;&#x430;&#x43B;&#x44C;&#x43D;&#x43E;&#x433;&#x43E; &#x43E;&#x431;&#x440;&#x430;&#x437;&#x43E;&#x432;&#x430;&#x43D;&#x438;&#x44F;</subfield>
    <subfield code="3">RU\NLR\AUTH\889946499</subfield>
    <subfield code="9">388575</subfield>
  </datafield>
  <datafield tag="801" ind1=" " ind2="2">
    <subfield code="a">RU</subfield>
    <subfield code="b">NLR</subfield>
    <subfield code="c">20080202</subfield>
    <subfield code="2">rusmarc</subfield>
  </datafield>
  <datafield tag="801" ind1=" " ind2="1">
    <subfield code="a">RU</subfield>
    <subfield code="b">InfoComm</subfield>
    <subfield code="c">20040324</subfield>
  </datafield>
  <datafield tag="801" ind1=" " ind2="0">
    <subfield code="a">RU</subfield>
    <subfield code="b">NLR</subfield>
    <subfield code="g">PSBO</subfield>
  </datafield>
  <datafield tag="852" ind1=" " ind2=" ">
    <subfield code="a">NLR</subfield>
    <subfield code="j">&#x41F;28/406</subfield>
    <subfield code="y">&#x441; 1948</subfield>
  </datafield>
  <datafield tag="852" ind1=" " ind2=" ">
    <subfield code="a">NLR</subfield>
    <subfield code="j">&#x41F;28/124</subfield>
    <subfield code="y">&#x441; 1934 &#x43F;&#x43E; 1941</subfield>
  </datafield>
  <datafield tag="942" ind1=" " ind2=" ">
    <subfield code="c">JOURNAL</subfield>
  </datafield>
  <datafield tag="980" ind1=" " ind2=" ">
    <subfield code="a">RUSPER</subfield>
  </datafield>
</record>
